| 000 | 00418cam a2200145u 4500 | ||
|---|---|---|---|
| 040 | _cCarP | ||
| 082 | _a634 CAM 1949 A106 Or. | ||
| 100 | 1 | _aDuerr, William A. | |
| 245 | 1 | 4 | _aThe economic problems of forestry in the Appalachian Region. |
| 260 |
_aCambridge, _bharvard Univ. Press, _c1949. |
||
| 300 |
_axi, 317 p. _bdiagrs. _c23 cm. |
||
| 650 | 0 | _aForests and forestry | |
| 650 | 0 | _aForests and forestry | |
| 942 | _cEK | ||
| 999 |
_c16760 _d16760 |
||